<?xml version="1.0" encoding="UTF-8"?>
<collection xmlns:xsi="http://www.w3.org/2001/XMLSchema-instance" xsi:schemaLocation="http://www.loc.gov/MARC21/slim http://www.loc.gov/standards/marcxml/schema/MARC21slim.xsd" xmlns="http://www.loc.gov/MARC21/slim">
 <record>
  <leader>00000ctm a22000003a 4500</leader>
  <controlfield tag="001">UP-99796217608549681</controlfield>
  <controlfield tag="003">Buklod</controlfield>
  <controlfield tag="005">20230215101310.0</controlfield>
  <controlfield tag="006">m    |o  d |      </controlfield>
  <controlfield tag="007">ta</controlfield>
  <controlfield tag="008">081007s        xx     d     r    |||| u|</controlfield>
  <datafield tag="035" ind1=" " ind2=" ">
   <subfield code="a">(iLib)UPD-00053996767</subfield>
  </datafield>
  <datafield tag="040" ind1=" " ind2=" ">
   <subfield code="a">DSCI</subfield>
  </datafield>
  <datafield tag="041" ind1=" " ind2=" ">
   <subfield code="a">eng</subfield>
  </datafield>
  <datafield tag="090" ind1=" " ind2=" ">
   <subfield code="a">LG996 2008 M45 B65</subfield>
  </datafield>
  <datafield tag="100" ind1="0" ind2=" ">
   <subfield code="a">Bojo, Perfecto B.</subfield>
  </datafield>
  <datafield tag="245" ind1="0" ind2="4">
   <subfield code="a">The Effect of topography on wind and rainfall over Mindanao, Philippines</subfield>
   <subfield code="c">Perfecto B. Bojo.</subfield>
  </datafield>
  <datafield tag="300" ind1=" " ind2=" ">
   <subfield code="a">xiii, 111 leaves.</subfield>
  </datafield>
  <datafield tag="500" ind1=" " ind2=" ">
   <subfield code="a">Computer print out.</subfield>
   <subfield code="3">Thesis (Ph.D. in Meteorology)--University of the Philippines, Diliman.</subfield>
  </datafield>
  <datafield tag="520" ind1=" " ind2=" ">
   <subfield code="a">The effect of topography on wind and rainfall was investigated by applying the technique of dynamical downscaling by means of FNEST simulations on RegCM3.  The approach was to conduct a fine-mesh simulation of 5 km grid interval encompassing the region of Mindanao using the output of the coarse-mesh simulation of 20 km grid interval encompassing the region of the Philippine archipelago as the lateral boundary condition.  This is called a one-way double nesting.  There were two sets of experiments, one is for January 2001-representing the northeast monsoon season; and the other is for July 2001-representing the south west monsoon season.  The control of the experiment is the fine-mesh simulation with the presence of the topography and the effect of the topography is accounted by means of the fine-mesh simulation when the topography over the island of Mindanao is reduced to sea level while retaining the surfatce attributes.  The results of the experiments indicate that the topography has a dual effect on rainfall: enhancement of rainfall at the windward side of the mountain and suppressed rainfall at the leeward side.  Also, the results of the experiments demonstrate the effect of the topography on wind magnitude and wind direction.  The study confirmed the role of geography and topography in shaping the climate of Mindanao.</subfield>
  </datafield>
  <datafield tag="650" ind1=" " ind2="0">
   <subfield code="a">Climatic changes</subfield>
   <subfield code="x">Risk management</subfield>
   <subfield code="z">Philippines.</subfield>
  </datafield>
  <datafield tag="650" ind1=" " ind2="0">
   <subfield code="a">Statistical downscaling methods.</subfield>
  </datafield>
  <datafield tag="842" ind1=" " ind2=" ">
   <subfield code="a">Thesis</subfield>
  </datafield>
  <datafield tag="905" ind1=" " ind2=" ">
   <subfield code="a">FI</subfield>
  </datafield>
  <datafield tag="852" ind1="0" ind2=" ">
   <subfield code="a">UPD</subfield>
   <subfield code="b">DARCHIVES</subfield>
   <subfield code="h">LG996 2008 M45 B65</subfield>
  </datafield>
  <datafield tag="942" ind1=" " ind2=" ">
   <subfield code="a">Thesis</subfield>
  </datafield>
 </record>
</collection>
